Z jakim państwem powiązana jest ta postać? - Statystyki

Ogólne statystyki
  • Ten quiz został rozwiązany 299 razy
  • Średni wynik to 22 z 35
Statystyki odpowiedzi
Postać Kraj % Poprawnych
Józef Stalin Rosja
100%
Adolf Hitler Niemcy
97%
Joanna d’Arc Francja
76%
Spartakus Włochy
76%
Hirohito Japonia
75%
Czyngis-chan Mongolia
75%
Ferdynand Magellan Hiszpania
74%
Józef Bem Polska
74%
Mikołaj I Romanow Rosja
74%
Franciszek Ferdynand Habsburg Austria
72%
Marco Polo Włochy
71%
Fidel Castro Kuba
69%
Charles de Gaulle Francja
68%
Aleksander Macedoński Grecja
68%
Bohdan Chmielnicki Ukraina
67%
Josef František Czechy
66%
Mahatma Gandhi Indie
66%
Henryk V Lancaster Wielka Brytania
66%
Janusz Radziwiłł Litwa
62%
Nelson Mandela RPA
62%
Francisco Franco Hiszpania
61%
Karl Marx Niemcy
60%
David Cameron Wielka Brytania
59%
Al Capone USA
57%
Jan Hus Czechy
56%
Casanova Włochy
56%
Park Chung-hee Korea Południowa
55%
Nostradamus Francja
54%
Saddam Husajn Irak
54%
Jerzy V Wielka Brytania
52%
Imre Nagy Węgry
43%
Simo Häyhä Finlandia
40%
Gamal Abdel Naser Egipt
29%
Abdülhamid II Turcja
24%
Bhumibol Adulyadej Tajlandia
6%
Nie znaleziono quizów pasujących do podanych kryteriów
Rozkład punktacji
Procent ludzi z każdym wynikiem
Percentyl według liczby udzielonych odpowiedzi
Twoja historia wyników
Nie rozwiązałeś tego quizu